000 01120 a2200241 4500
999 _c7116
_d7116
020 _a9780300196795
020 _a0300196792
050 0 0 _aHD9539.32 ABR 2015
100 1 _aAbraham, David S.,
_eauthor.
245 1 4 _aThe elements of power :
_bgadgets, guns, and the struggle for a sustainable future in the rare metal age /
_cDavid S. Abraham.
264 1 _aNew Haven :
_bYale University Press
_c[2015]
300 _axiv, 319 pages :
_billustrations ;
500 _aIncludes bibliographical references and index.
504 _aIncludes bibliographical references and index.
650 0 _aRare earth industry.
650 0 _aRare earth metals.
650 7 _aRare earth industry.
650 7 _aRare earth metals.
856 4 2 _3Contributor biographical information
_uhttps://www.loc.gov/catdir/enhancements/fy1618/2015942454-b.html
856 4 2 _3Publisher description
_uhttps://www.loc.gov/catdir/enhancements/fy1618/2015942454-d.html
942 _2lcc
_cBK
_h9539.32
_iABR
_kHD